Sports Quiz

Random Sports or NHL Quiz
Score 0/134 Timer 08:00
0 Plays Today
Year Player % Correct
1966-67Johnny Bucyk
96.2%
1965-66Johnny Bucyk
96.2%
1964-65Johnny Bucyk
96.2%
1963-64Johnny Bucyk
96.2%
1962-63Johnny Bucyk
96.2%
1961-62Johnny Bucyk
96.2%
1958-59Johnny Bucyk
96.2%
1966-67Bobby Orr
88.5%
1952-53Milt Schmidt
88.5%
1951-52Milt Schmidt
88.5%
1950-51Milt Schmidt
88.5%
1946-47Milt Schmidt
88.5%
1941-42Milt Schmidt
88.5%
1939-40Milt Schmidt
88.5%
1938-39Milt Schmidt
88.5%
1932-33Eddie Shore
84.6%
1930-31Eddie Shore
84.6%
1928-29Eddie Shore
84.6%
1927-28Eddie Shore
84.6%
1936-37Dit Clapper
80.8%
1935-36Dit Clapper
80.8%
1934-35Dit Clapper
80.8%
1931-32Dit Clapper
80.8%
1929-30Dit Clapper
80.8%
1948-49Kenny Smith
73.1%
1944-45Kenny Smith
73.1%
1946-47Bobby Bauer
65.4%
1941-42Bobby Bauer
65.4%
1940-41Bobby Bauer
65.4%
1939-40Bobby Bauer
65.4%
1937-38Bobby Bauer
65.4%
1959-60Bronco Horvath
61.5%
1957-58Bronco Horvath
61.5%
1950-51Woody Dumart
61.5%
1947-48Woody Dumart
61.5%
1946-47Woody Dumart
61.5%
1945-46Woody Dumart
61.5%
1939-40Woody Dumart
61.5%
1944-45Bill Cowley
57.7%
1943-44Bill Cowley
57.7%
1942-43Bill Cowley
57.7%
1940-41Bill Cowley
57.7%
1938-39Bill Cowley
57.7%
1937-38Bill Cowley
57.7%
1936-37Bill Cowley
57.7%
Year Player % Correct
1965-66Tom Williams
53.8%
1962-63Tom Williams
53.8%
1961-62Don McKenney
46.2%
1960-61Don McKenney
46.2%
1959-60Don McKenney
46.2%
1959-60Vic Stasiuk
46.2%
1958-59Don McKenney
46.2%
1958-59Vic Stasiuk
46.2%
1957-58Don McKenney
46.2%
1956-57Don McKenney
46.2%
1955-56Vic Stasiuk
46.2%
1955-56Don McKenney
46.2%
1954-55Don McKenney
46.2%
1944-45Herb Cain
42.3%
1943-44Herb Cain
42.3%
1941-42Roy Conacher
42.3%
1940-41Roy Conacher
42.3%
1938-39Roy Conacher
42.3%
1935-36Cooney Weiland
42.3%
1931-32Cooney Weiland
42.3%
1930-31Cooney Weiland
42.3%
1929-30Cooney Weiland
42.3%
1965-66Murray Oliver
38.5%
1964-65Murray Oliver
38.5%
1963-64Murray Oliver
38.5%
1962-63Murray Oliver
38.5%
1934-35Nels Stewart
38.5%
1933-34Nels Stewart
38.5%
1932-33Nels Stewart
38.5%
1928-29Harry Oliver
38.5%
1927-28Harry Oliver
38.5%
1926-27Harry Oliver
38.5%
1966-67Hubert 'Pit' Martin
34.6%
1943-44Art Jackson
34.6%
1942-43Art Jackson
34.6%
1924-25Stan Jackson
34.6%
1963-64Dean Prentice
23.1%
1956-57Real Chevrefils
23.1%
1954-55Real Chevrefils
23.1%
1964-65Reg Fleming
19.2%
1961-62Jerry Toppazzini
19.2%
1960-61Jerry Toppazzini
19.2%
1960-61Charlie Burns
19.2%
1957-58Fleming MacKell
19.2%
1956-57Leo Labine
19.2%
Year Player % Correct
1955-56Leo Labine
19.2%
1954-55Leo Labine
19.2%
1953-54Fleming MacKell
19.2%
1953-54Johnny Peirson
19.2%
1952-53Fleming MacKell
19.2%
1951-52Johnny Peirson
19.2%
1950-51Johnny Peirson
19.2%
1949-50Johnny Peirson
19.2%
1949-50Phil Maloney
19.2%
1948-49Johnny Peirson
19.2%
1925-26Carson Cooper
19.2%
1924-25Carson Cooper
19.2%
1955-56Cal Gardner
15.4%
1945-46Bep Guidolin
15.4%
1937-38Charlie Sands
15.4%
1934-35Marty Barry
15.4%
1933-34Marty Barry
15.4%
1932-33Marty Barry
15.4%
1931-32Marty Barry
15.4%
1930-31Marty Barry
15.4%
1925-26Sprague Cleghorn
15.4%
1962-63Jean-Guy Gendron
11.5%
1953-54Ed Sandford
11.5%
1953-54Dave Creighton
11.5%
1952-53Ed Sandford
11.5%
1951-52Dave Creighton
11.5%
1949-50Paul Ronty
11.5%
1948-49Paul Ronty
11.5%
1947-48Pete Babando
11.5%
1947-48Don Gallinger
11.5%
1945-46Don Gallinger
11.5%
1944-45Bill Jennings
11.5%
1942-43Frank 'Buzz' Boll
11.5%
1927-28Frank Frederickson
11.5%
1926-27Frank Frederickson
11.5%
1940-41Eddie Wiseman
7.7%
1936-37Ray Getliffe
7.7%
1935-36Jack 'Red' Beattie
7.7%
1933-34Joe Lamb
7.7%
1929-30Dutch Gainor
7.7%
1928-29Dutch Gainor
7.7%
1926-27Jimmy Herberts
7.7%
1925-26Jimmy Herberts
7.7%
1924-25Jimmy Herberts
7.7%
Remove Ads.
Support Sporcle.
Get the best of Sporcle when you Go Orange. This ad-free experience offers more features, more stats, and more fun while also helping to support Sporcle. Thank you for becoming a member.

You're not logged in!

Compare scores with friends on all Sporcle quizzes.
OR
Log In

Sporcle TV

Today on Sporcle TV


Watch our educational content, quiz creation guides, and fun videos on Sporcle TV.

Show Comments

Extras

Top Quizzes Today


Score Distribution

Paid Content

Your Account Isn't Verified!

In order to create a playlist on Sporcle, you need to verify the email address you used during registration. Go to your Sporcle Settings to finish the process.

Report this User

Report this user for behavior that violates our Community Guidelines.

Details: